Psychotherapie und Seelsorge im Strafvollzug: Unterschiede und Gemeinsamkeiten
| Main Author: | |
|---|---|
| Format: | Print Book |
| Language: | German |
| Subito Delivery Service: | Order now. |
| Check availability: | HBZ Gateway |
| WorldCat: | WorldCat |
| Interlibrary Loan: | Interlibrary Loan for the Fachinformationsdienste (Specialized Information Services in Germany) |
| Published: |
Bern, Berlin Frankfurt a.M., Wien [u.a.]
Lang
2007
|
| In: |
Europäische Hochschulschriften / 6 (745)
Year: 2007 |
| Edition: | 1. Aufl. |
| Series/Journal: | Europäische Hochschulschriften / 6
745 |
| Standardized Subjects / Keyword chains: | B
Church work
/ Imprisonment
/ Church work
B Prisoner / Psychotherapy / Medical jurisprudence |
| Further subjects: | B
Prisoners
Mental health services
B Psychotherapy Religious aspects Christianity B Prisoners Mental health B Prisoners Pastoral counseling of |
| Online Access: |
Table of Contents Blurb |
MARC
| LEADER | 00000cam a2200000 c 4500 | ||
|---|---|---|---|
| 001 | 543324826 | ||
| 003 | DE-627 | ||
| 005 | 20240810193337.0 | ||
| 007 | tu | ||
| 008 | 070907s2007 sz ||||| 00| ||ger c | ||
| 010 | |a 2008374054 | ||
| 015 | |a 07,N38,0167 |2 dnb | ||
| 016 | 7 | |a 98548828X |2 DE-101 | |
| 020 | |a 9783039112685 |9 978-3-03911-268-5 | ||
| 020 | |a 3039112686 |9 3-03911-268-6 | ||
| 035 | |a (DE-627)543324826 | ||
| 035 | |a (DE-576)272881651 | ||
| 035 | |a (DE-599)DNB98548828X | ||
| 035 | |a (OCoLC)237024343 | ||
| 035 | |a (OCoLC)180751307 | ||
| 040 | |a DE-627 |b ger |c DE-627 |e rakwb | ||
| 041 | |a ger | ||
| 044 | |c XA-CH |c XA-DE |c XA-BE | ||
| 050 | 0 | |a RC451.4.P68 | |
| 082 | 0 | 4 | |a 230 |a 150 |a 340 |
| 084 | |a 5,2 |2 ssgn | ||
| 084 | |a 5,2 |a 1 |2 ssgn | ||
| 084 | |a BT 2070 |2 rvk |0 (DE-625)rvk/16745: | ||
| 084 | |a CW 8000 |2 rvk |0 (DE-625)rvk/19207: | ||
| 084 | |a 11.71 |2 bkl | ||
| 084 | |a 77.72 |2 bkl | ||
| 100 | 1 | |0 (DE-588)133665917 |0 (DE-627)550678433 |0 (DE-576)272881643 |4 aut |a Buser, Samuel |d 1959- | |
| 109 | |a Buser, Samuel 1959- | ||
| 245 | 1 | 0 | |a Psychotherapie und Seelsorge im Strafvollzug |b Unterschiede und Gemeinsamkeiten |c Samuel Buser |
| 250 | |a 1. Aufl. | ||
| 264 | 1 | |a Bern, Berlin |a Frankfurt a.M., Wien [u.a.] |b Lang |c 2007 | |
| 300 | |a 220 S. | ||
| 336 | |a Text |b txt |2 rdacontent | ||
| 337 | |a ohne Hilfsmittel zu benutzen |b n |2 rdamedia | ||
| 338 | |a Band |b nc |2 rdacarrier | ||
| 490 | 1 | |a Europäische Hochschulschriften |a Reihe 6: Psychologie |v 745 | |
| 500 | |a Literaturverz. S. 211 - 220 | ||
| 601 | |a Unterschied | ||
| 601 | |a Gemeinsamkeit | ||
| 650 | 0 | |a Prisoners |x Mental health | |
| 650 | 0 | |a Prisoners |x Mental health services | |
| 650 | 0 | |a Prisoners |x Pastoral counseling of | |
| 650 | 0 | |a Psychotherapy |x Religious aspects |x Christianity | |
| 689 | 0 | 0 | |d s |0 (DE-588)4054151-4 |0 (DE-627)106163728 |0 (DE-576)209107650 |2 gnd |a Seelsorge |
| 689 | 0 | 1 | |d s |0 (DE-588)4057808-2 |0 (DE-627)106149415 |0 (DE-576)20912377X |2 gnd |a Strafvollzug |
| 689 | 0 | 2 | |d s |0 (DE-588)4054151-4 |0 (DE-627)106163728 |0 (DE-576)209107650 |2 gnd |a Seelsorge |
| 689 | 0 | |5 DE-101 | |
| 689 | 1 | 0 | |d s |0 (DE-588)4071629-6 |0 (DE-627)106097229 |0 (DE-576)209184531 |2 gnd |a Gefängnisseelsorge |
| 689 | 1 | 1 | |d s |0 (DE-588)4047746-0 |0 (DE-627)106193694 |0 (DE-576)209074590 |2 gnd |a Psychotherapie |
| 689 | 1 | 2 | |d s |0 (DE-588)4048805-6 |0 (DE-627)106189468 |0 (DE-576)209079339 |2 gnd |a Rechtsmedizin |
| 689 | 1 | |5 DE-101 | |
| 830 | 0 | |a Europäische Hochschulschriften / 6 |v 745 |9 745 |w (DE-627)130134279 |w (DE-576)015671577 |w (DE-600)510548-1 |x 0531-7347 |7 am | |
| 856 | 4 | 2 | |u http://bvbr.bib-bvb.de:8991/F?func=service&doc_library=BVB01&doc_number=016150092&line_number=0001&func_code=DB_RECORDS&service_type=MEDIA |m V:DE-604 |q application/pdf |v 20090731000000 |3 Inhaltsverzeichnis |7 1 |
| 856 | 4 | 2 | |u http://bvbr.bib-bvb.de:8991/F?func=service&doc_library=BVB01&doc_number=016150092&line_number=0002&func_code=DB_RECORDS&service_type=MEDIA |m V:DE-604 |q application/pdf |3 Klappentext |7 1 |
| 935 | |a mteo |a mkri | ||
| 935 | |i Blocktest | ||
| 936 | r | v | |a BT 2070 |b Andere Bereiche der Seelsorge |k Theologie und Religionswissenschaften |k Pastoraltheologie und Missionswissenschaft |k Einzeldarstellungen zur Pastoraltheologie |k Andere Bereiche der Seelsorge |0 (DE-627)1270652826 |0 (DE-625)rvk/16745: |0 (DE-576)200652826 |
| 936 | r | v | |a CW 8000 |b Forensische Psychologie |k Psychologie |k Angewandte Psychologie |k Andere Gebiete der angewandten Psychologie |k Forensische Psychologie |0 (DE-627)1271504383 |0 (DE-625)rvk/19207: |0 (DE-576)201504383 |
| 936 | b | k | |a 11.71 |j Seelsorge |0 (DE-627)106412620 |
| 936 | b | k | |a 77.72 |j Psychotherapie: Allgemeines |0 (DE-627)106412795 |
| 951 | |a BO | ||
| ELC | |b 1 | ||
| ITA | |a 1 | ||
| LOK | |0 000 xxxxxcx a22 zn 4500 | ||
| LOK | |0 001 3138940420 | ||
| LOK | |0 003 DE-627 | ||
| LOK | |0 004 543324826 | ||
| LOK | |0 005 20080303102902 | ||
| LOK | |0 008 080303||||||||||||||||ger||||||| | ||
| LOK | |0 040 |a DE-21-31 |c DE-627 |d DE-21-31 | ||
| LOK | |0 541 |e 08/152 | ||
| LOK | |0 852 |a DE-21-31 | ||
| LOK | |0 852 1 |c Ps II e 30 |m p |9 00 | ||
| LOK | |0 938 |k p | ||
| LOK | |0 938 |l E12 |8 0 | ||
| LOK | |0 939 |a 03-03-08 |b l01 | ||
| ORI | |a SA-MARC-ixtheoa001.raw | ||
| REF | |a Pastoraltherapie | ||
| REL | |a 1 | ||
| STA | 0 | 0 | |a Church work,Imprisonment,Prison sentence execution,Prison methods,Medical jurisprudence,Forensic medicine,Legal medicine,Prisoner,Prison,Psychotherapy,Psychological treatment,Treatment |
| STB | 0 | 0 | |a Exécution des peines,Système pénitentiaire,Système pénitentiaire,Ministère pastoral,Médecine légale,Pastorale des prisons,Aumônerie des prisons,Aumônerie des prisons,Psychothérapie |
| STC | 0 | 0 | |a Ejecución de la pena,Medicina legal,Pastoral,Pastoral carcelaria,Psicoterapia |
| STD | 0 | 0 | |a Esecuzione della pena,Detenzione,Detenzione,Medicina legale,Pastorale carceraria,Pastorale,Cura d'anime,Cura d'anime,Psicoterapia |
| STE | 0 | 0 | |a 因犯,心灵关顾,心灵治疗,心理治疗,精神治疗,执行判决,法医学 |
| STF | 0 | 0 | |a 因犯,執行判決,心理治療,精神治療,心靈關顧,心靈治療,法醫學 |
| STG | 0 | 0 | |a Execução da pena,Medicina legal,Pastoral,Pastoral carcerária,Psicoterapia |
| STH | 0 | 0 | |a Душепопечение в тюрьме,Исполнение приговора,Психологическая помощь священника,Душепопечение,Психотерапия,Пудебная медицина |
| STI | 0 | 0 | |a Εκτέλεση της ποινής,Κράτηση,Ιατροδικαστική,Ποιμαντική φροντίδα για φυλακισμένους,Φροντίδα για τη σωτηρία της ψυχής,Ποιμαντική φροντίδα,Ψυχοθεραπεία |
| SUB | |a REL | ||
| SYG | 0 | 0 | |a Pastoraler Dienst , Justizvollzug , Pastoraler Dienst , Gefangenenseelsorge,Strafvollzug , Behandlung,Psychologische Behandlung , Forensische Medizin,Gerichtliche Medizin,Gerichtsmedizin |



